00656nam a2200193Ia 450000500170000000800410001704000190005804100120007708200130008910000220010224501150012426000470023930000270028644000380031350400500035165000210040170000300042285000100045220230821120704.0131103s9999 xx 000 0 und d aLoreto College aEnglish a915bCRE aCressey,George B. aAsia's lands and peoplesb a geography of one - third the earth and two - thirds its people cGeorge B.Cressey aNew YorkbMcGraw - Hill Book Companyc1951 ax,597 p.b illus.,maps aMcGraw - Hill Series In Geography aIncludes bibliographical references and index aAsia - Geography aWeaver,John C.,series ed. aLCLIB